| 000 | 00550nam a2200193 a 4500 | ||
|---|---|---|---|
| 001 | 000046501 | ||
| 003 | DO-SdBNP | ||
| 005 | 20250922142251.0 | ||
| 008 | 150820s1998 dr a r 000 0 spa d | ||
| 040 |
_aDO-SdBNP _bspa _cBNPHU |
||
| 082 |
_axxxx _bG633L, |
||
| 100 | 1 |
_aGómez, Fiume _910953 |
|
| 245 | 1 | 0 |
_aLecturas para mi / _cFiume Gómez, Laura Féliz. |
| 260 |
_aSanto Domingo : _bAmigo del Hogar, _c1998. |
||
| 300 |
_av. : _bil. ; _c28 cm. _c28 cm. |
||
| 590 | _aInventariado, 2018/MFF | ||
| 700 | 1 |
_aFéliz, Laura _974494 |
|
| 942 |
_2ddc _cLBS1 |
||
| 999 |
_c45990 _d45990 |
||